| 000 | 01413nam a22003375a 4500 | ||
|---|---|---|---|
| 999 |
_c27374 _d27345 |
||
| 003 | EG-ScBUE | ||
| 005 | 20190411134919.0 | ||
| 008 | 190411s2002 ua grb 000 0 ara d | ||
| 020 | _a9953120633 | ||
| 040 |
_aEG-ScBUE _bara _cEG-ScBUE _dEG-ScBUE |
||
| 041 | 1 |
_aara _hund |
|
| 082 | 0 | 4 |
_a320.01 _bم ك ي _222 |
| 100 | 1 |
_aمكيافللي، نيقولو، _d1469-1527. |
|
| 245 | 1 | 2 |
_aالأمير / _cنيقولو مكيافللي ؛ تعليق بنيتو موسوليني ؛ مقدمة كريستيان غاوس ؛ تعريب خيري حماد ؛ تعقيب فاروق سعد. |
| 246 | 3 | 5 |
_aPrince : _bthe heritage of political thought before and after the prince |
| 246 | 3 | 4 |
_aالأمير : _bتراث الفكر السياسي قبل الأمير وبعده |
| 250 | _aط. 24. | ||
| 260 |
_aبيروت : _bدار الآفاق الجديدة، _c2002. |
||
| 300 |
_a396 ص. ؛ _c24 سم. |
||
| 504 | _aيشتمل على إرجاعات ببليوجرافية. | ||
| 541 | _aالنص باللغة العربية. | ||
| 650 | 7 |
_aالسياسة _xنظريات. _2BUEsh |
|
| 650 | 7 |
_aالنظم السياسية. _2BUEsh |
|
| 651 | _2BUEsh | ||
| 653 |
_bBUSBOL _cApril2019 |
||
| 700 | 1 |
_aموسوليني، بنيتو، _eمعلق. |
|
| 700 | 1 |
_aغاوس، كريستيان، _eمقدم. |
|
| 700 | 1 |
_aحماد، خيري، _eمعرب. |
|
| 700 | 1 |
_aسعد، فاروق، _eمعقب. |
|
| 942 | _2ddc | ||